LEADER 01804nam a2200325 i 4500 001 000000170974 003 CaOOAMICUS 005 20250604104501.0 008 080415s1968 it u000 u ita u 040 $aSeMil$bita 100 1 $aRinaldi, Giovanni,$c.$0(OLS)http://semarc/name/1752 245 13$aLe letterature antiche del Vicino Oriente :$bsumerica, assira, babilonese, ugaritica, ittita, fenicia, aramaica, nord e sud-arabica /$cGiovanni Rinaldi dell'Universitą di Trieste, dell'Accademia teologica romana. 250 $aNuova edizione aggiornata. 264 1$aFirenze :$bSansoni ;$aMilano :$bAccademia,$c1968. 300 $a338 p. ;$c20 cm. 490 1 $aLe letterature del mondo : enciclopedia universale delle letterature ;$v29 650 4$aLetteratura assiro-babilonese.$0(OLS)http://semarc/subject/57740 650 4$aLetteratura ugaritica.$0(OLS)http://semarc/subject/53199 650 4$aLetteratura ittita.$0(OLS)http://semarc/subject/57741 650 4$aLetteratura fenicia.$0(OLS)http://semarc/subject/57742 650 4$aLetteratura aramaica.$0(OLS)http://semarc/subject/57743 650 4$aLetteratura araba.$0(OLS)http://semarc/subject/5520 650 4$aLetteratura sumera.$0(OLS)http://semarc/subject/14110 830 3$aLe letterature del mondo ;$v29.$0(OLS)http://semarc/title/8394 850 $aSeMil 852 $aSeMil$W1$xVenegono$y1$m1X II 296$j257784$B121851$CSeMilBibl$Z2$F133102 $81 996 $6245$aLe letterature antiche del Vicino Oriente :$bsumerica, assira, babilonese, ugaritica, ittita, fenicia, aramaica, nord e sud-arabica$9(OLS)http://semarc/title/244573 996 $6264$aFirenze :$bSansoni$9(OLS)http://semarc/publisher/29843 996 $6264$aMilano :$bAccademia$9(OLS)http://semarc/publisher/30912 LEADER 01167nam a2200241 i 4500 001 000000227424 003 CaOOAMICUS 005 20140224000000.0 008 140224s1729 it u000 u lat u 013 $a206326 026 $a6032 o.od t.t; Opfu (3) 1729 (R) 040 $aSeMil$bita 245 10$aPars 4. 300 $a[4], 709, [3] p. 500 $aSegn. : pigreco2 A-2X8 2Y4(2Y4 bianca). - Fondo Bidoglio. 500 $aMarca editoriale: Fenice tra le fiamme volge lo sguardo verso il sole. Motto: Post fata resurgo (Repertorio consultato: Marques d'impressors, Univ. di Barcellona). 700 1 $aHeylbrouck, Michael,$c.$0(OLS)http://semarc/name/6851 773 0 $aCicero, Marcus Tullius <106-43 a.C.>$tM.T. Ciceronis Orationum pars 1. [-4.] cum argumentis, animadversionibus, & analysi M. Antonii Ferratii ad usum Seminarii Patavini.$dPatavii : Ex Typographia Seminarii, Apud Joannem Manfrč, 1729.$g4$w()29429 850 $aSeMil 852 $aSeMil$W1$xVenegono$y1$m1X I 4 FA$j177770$B177770$CSeMilBibl$Z2$F188612 $8I 941 1 $a2 961 $aLascito: Bidoglio don Maurizio 996 $6245$aPars 4$9(OLS)http://semarc/title/286200